000 00702nam a2200229Ia 4500
003 GCL
008 140319s9999 xx 000 0 ara d
020 _a5104609977
040 _aGCL /
_cGCL
082 0 4 _a216
_bج ع
100 1 _aجلال امين
245 1 0 _aعصر التشهير بالعرب والمسلمين /
_cجلال امين
250 _aالاولى
260 _aالقاهرة :
_bدار الشروق ،
_c2004
300 _a141 ص ؛
_c28 سم
650 0 4 _aالارهاب
650 0 4 _aالديمقراطية
650 0 4 _aجرائم ضد الاسلام
650 0 4 _aالاسلام - دفع مطاعن
650 0 4 _aالاعلام الاسلامى
942 _2ddc
_cBK
999 _c57352
_d57352